书目信息 |
| 题名: |
东方视域中的列宁学说
|
|
| 作者: | 俞良早 著 | |
| 分册: | ||
| 出版信息: | 北京 中共中央党校出版社 2001 |
|
| 页数: | 535,1页 | |
| 开本: | 21cm | |
| 丛书名: | ||
| 单 册: | ||
| 中图分类: | A82 | |
| 科图分类: | ||
| 主题词: | 列宁主义--研究 , 列宁主义 | |
| 电子资源: | ||
| ISBN: | 7-5035-2256-9 | |
| 000 | 01120nam0 2200241 45 | |
| 001 | 060000016295 | |
| 005 | 20050906110559.76 | |
| 010 | @a7-5035-2256-9@dCNY33.00 | |
| 100 | @a20041218d2001 ekmy0chiy0120 ea | |
| 101 | 0 | @achi |
| 102 | @aCN@b110000 | |
| 105 | @af z 000yy | |
| 200 | 1 | @a东方视域中的列宁学说@Adong fang shi yu zhong de lie ning xue shuo@f俞良早著@Fyu liang zao zhu |
| 210 | @a北京@c中共中央党校出版社@d2001 | |
| 215 | @a535,1页@c彩照,图版@d21cm | |
| 300 | @a湖北省社会科学基金“九五”重点项目,湖北省“九五”省级重点学科建设项目。 | |
| 330 | @a本书是一部高质量的研究列宁学说的专著。书中在国内外学术界创造性地提出,必须从20世纪东方国家经济文化比较落后的实际出发,研究和掌握列宁学说。本书得出结论:列宁学说包括列宁的政党学说、革命斗争学说、经济建设学说和政权建设学说至今同东方的实际相适应。根据实事求是的原则精神,书中对列宁学说中若干重大问题进行了深入探讨,提出了新的见解。本书学术性强,且具有理论创新性。可供专家学者参考。 | |
| 606 | 0 | @a列宁主义@x研究 |
| 606 | 0 | @a列宁主义 |
| 690 | @aA82@v4 | |
| 701 | 0 | @a俞良早@Ayu liang zao@4著 |
| 801 | 0 | @aCN@bTSSF@c20050906 |
| 905 | @a10447@dA82@e22 | |
| 东方视域中的列宁学说/俞良早著.-北京:中共中央党校出版社,2001 |
| 535,1页:彩照,图版;21cm |
| 湖北省社会科学基金“九五”重点项目,湖北省“九五”省级重点学科建设项目。 |
| ISBN 7-5035-2256-9:CNY33.00 |
| 本书是一部高质量的研究列宁学说的专著。书中在国内外学术界创造性地提出,必须从20世纪东方国家经济文化比较落后的实际出发,研究和掌握列宁学说。本书得出结论:列宁学说包括列宁的政党学说、革命斗争学说、经济建设学说和政权建设学说至今同东方的实际相适应。根据实事求是的原则精神,书中对列宁学说中若干重大问题进行了深入探讨,提出了新的见解。本书学术性强,且具有理论创新性。可供专家学者参考。 |
| ● |
| 相关链接 |
|
|
|
|
正题名:东方视域中的列宁学说
索取号:A82/22
 
预约/预借
| 序号 | 登录号 | 条形码 | 馆藏地/架位号 | 状态 | 备注 |
| 1 | 0359383 | 3593837 | 第一样本阅览室/ [索取号:A82/22] | 在馆 | |
| 2 | 0359384 | 3593846 | 第一借阅区/ [索取号:A82/22] | 在馆 | |
| 3 | 0359385 | 3593855 | 第一借阅区/ [索取号:A82/22] | 在馆 | |
| 4 | 0359386 | 3593864 | 第一借阅区/ [索取号:A82/22] | 在馆 | |
| 5 | 0359387 | 3593873 | 第一借阅区/ [索取号:A82/22] | 在馆 |